[Event "Subotica City-ch"]
[Site "Subotica"]
[Date "2019.03.01"]
[Round "3"]
[White "Tomic, Zoran S"]
[Black "Liliom, Imre"]
[Result "1-0"]
[WhiteElo "1857"]
[BlackElo "1952"]
[PlyCount "97"]
[EventDate "2019.02.25"]
[EventType "swiss"]
[EventRounds "9"]
[EventCountry "SRB"]
[SourceTitle "CBM 189 Extra"]
[Source "ChessBase"]
[SourceDate "2019.05.31"]
[SourceVersion "1"]
[SourceVersionDate "2019.05.31"]
[SourceQuality "1"]

1. d4 d5 2. c4 c6 3. Nc3 Nf6 4. Bg5 Nbd7 5. Nf3 g6 6. g3 Bg7 7. Bg2 dxc4 8. e4 Qa5 9. 0-0 e6 10. Re1 0-0 11. Qd2 a6 12. Rad1 b5 13. a3 Bb7 14. Bh6 c5 15. e5 Ne8 16. Bxg7 Kxg7 17. dxc5 Nxc5 18. Qe3 Nd3 19. Re2 Rd8 20. Red2 Qc7 21. h4 Rd7 22. h5 h6 23. hxg6 fxg6 24. Nd4 Re7 25. f4 Bxg2 26. Rxg2 Qb7 27. Rh2 Rh8 28. Ne4 Nc7 29. Nd6 Qa8 30. b3 Nd5 31. Qe4 Nc3 32. Qxa8 Rxa8 33. Ra1 cxb3 34. Nxb3 Na4 35. Rd2 Ndc5 36. Nxc5 Nxc5 37. Rc2 Nb3 38. Rd1 Rb8 39. Rc6 a5 40. Rd3 a4 41. g4 b4 42. f5 gxf5 43. gxf5 Kh7 44. f6 Ra7 45. Nc8 Rf7 46. axb4 Rxb4 47. Nd6 Ra7 48. f7 Rh4 49. f8Q 1-0

[Event "Subotica-ch"]
[Site "Subotica"]
[Date "2008.02.29"]
[Round "6"]
[White "Liliom, Imre"]
[Black "Pacal, Mihaly"]
[Result "0-1"]
[WhiteElo "1981"]
[BlackElo "2223"]
[PlyCount "76"]
[EventDate "2008.02.18"]
[EventType "swiss"]
[EventRounds "9"]
[EventCountry "YUG"]
[SourceTitle "CBM 123 Extra"]
[Source "ChessBase"]
[SourceDate "2008.05.06"]
[SourceVersion "1"]
[SourceVersionDate "2008.05.06"]
[SourceQuality "1"]

1. e4 Nf6 2. Nc3 d5 3. exd5 Nxd5 4. Nxd5 Qxd5 5. Nf3 e5 6. d3 Nc6 7. Be2 Bf5 8. Be3 0-0-0 9. Nh4 Be6 10. Nf3 f6 11. a3 g5 12. c4 Qd7 13. Qa4 g4 14. Nd2 f5 15. 0-0-0 Kb8 16. Nf1 f4 17. Bxa7+ Nxa7 18. Qxd7 Rxd7 19. Nd2 Nc6 20. Ne4 Nd4 21. Rhe1 Be7 22. Nc3 Rhd8 23. Bf1 Bf6 24. Ne4 Bg7 25. Nc5 Re7 26. Nxe6 Rxe6 27. Re4 Rg6 28. b4 Rf8 29. Kb2 h5 30. a4 h4 31. Rd2 Rh8 32. h3 gxh3 33. gxh3 f3 34. Kc3 Bf6 35. Rd1 Rhg8 36. c5 Rg1 37. Kc4 R8g2 38. Bxg2 Rxd1 0-1

[Event "Subotica-ch op "]
[Site "Subotica"]
[Date "2007.03.05"]
[Round "7"]
[White "Liliom, Imre"]
[Black "Kosa, Jeno"]
[Result "1/2-1/2"]
[WhiteElo "1955"]
[BlackElo "2131"]
[PlyCount "26"]
[EventDate "2007.02.19"]
[EventType "swiss"]
[EventRounds "9"]
[EventCountry "YUG"]
[SourceTitle "EXT 2008"]
[Source "ChessBase"]
[SourceDate "2007.11.25"]
[SourceVersion "1"]
[SourceVersionDate "2007.11.25"]
[SourceQuality "1"]

1. e4 c6 2. d4 d5 3. exd5 cxd5 4. Nf3 Nf6 5. c3 Nc6 6. Be2 g6 7. h3 Bg7 8. Be3 0-0 9. Nbd2 h6 10. Nh2 Kh7 11. Bd3 Ng8 12. Ndf3 Qc7 13. h4 e5 1/2-1/2

[Event "Subotica-ch op "]
[Site "Subotica"]
[Date "2007.02.26"]
[Round "4"]
[White "Igaz, Ervin"]
[Black "Liliom, Imre"]
[Result "1-0"]
[WhiteElo "2109"]
[BlackElo "1955"]
[PlyCount "87"]
[EventDate "2007.02.19"]
[EventType "swiss"]
[EventRounds "9"]
[EventCountry "YUG"]
[SourceTitle "EXT 2008"]
[Source "ChessBase"]
[SourceDate "2007.11.25"]
[SourceVersion "1"]
[SourceVersionDate "2007.11.25"]
[SourceQuality "1"]

1. e4 c5 2. f4 e6 3. Qe2 Nc6 4. c3 Nf6 5. Nf3 h6 6. g3 d6 7. Bg2 Be7 8. 0-0 0-0 9. d3 Rb8 10. h3 Qc7 11. g4 Nh7 12. f5 Bf6 13. Bf4 Ne5 14. Nbd2 Nxf3+ 15. Nxf3 e5 16. Be3 Qe7 17. Kh2 Ng5 18. Nd2 Nh7 19. Rh1 b6 20. Rag1 Bg5 21. Nf3 Bxe3 22. Qxe3 Ng5 23. Nd2 Nh7 24. Kg3 Bb7 25. h4 f6 26. Rh3 Rbd8 27. c4 Kf7 28. Bf3 Ke8 29. Bd1 Rh8 30. Ba4+ Kf7 31. Kf2 Rdg8 32. Nf3 Qc7 33. g5 Ke7 34. gxh6 gxh6 35. Rxg8 Rxg8 36. Qxh6 Kd8 37. Rg3 Rxg3 38. Kxg3 Qe7 39. Nh2 Qf7 40. Ng4 Ke7 41. Qg6 Nf8 42. Qh6 a6 43. Qh8 Bc8 44. Bc6 1-0

[Event "Subotica-ch op "]
[Site "Subotica"]
[Date "2007.02.19"]
[Round "1"]
[White "Liliom, Imre"]
[Black "Pajzer, Istvan"]
[Result "1-0"]
[WhiteElo "1955"]
[BlackElo "2181"]
[PlyCount "87"]
[EventDate "2007.02.19"]
[EventType "swiss"]
[EventRounds "9"]
[EventCountry "YUG"]
[SourceTitle "EXT 2008"]
[Source "ChessBase"]
[SourceDate "2007.11.25"]
[SourceVersion "1"]
[SourceVersionDate "2007.11.25"]
[SourceQuality "1"]

1. e4 c5 2. Nf3 d6 3. Bc4 e6 4. c3 Nf6 5. d3 Nc6 6. Bg5 Be7 7. Nbd2 0-0 8. a3 d5 9. Bb3 dxe4 10. dxe4 b5 11. 0-0 Bb7 12. Qe2 c4 13. Bc2 e5 14. Rad1 Qc7 15. h3 h6 16. Bxf6 Bxf6 17. Nh2 g6 18. Ng4 Bg7 19. Nf3 Nd8 20. Qd2 h5 21. Ne3 Ne6 22. Qd7 Rad8 23. Qxb5 Nc5 24. Nd5 Rxd5 25. Rxd5 Bxd5 26. exd5 e4 27. Ng5 Nd3 28. Nxe4 Rb8 29. d6 Qc8 30. d7 Qc7 31. Qd5 Nf4 32. Qd6 Ne2+ 33. Kh1 Qd8 34. Bd1 Rxb2 35. Qd5 Nf4 36. Qxc4 Rb8 37. Re1 Kh7 38. Qxf7 Qh4 39. Kg1 Rf8 40. Qe8 Nd3 41. Rf1 Ne5 42. Bc2 Nf7 43. Nd6 Ne5 44. Nb7 1-0